00549nam a22002057a 4500003000500000005001700005008004100022010001000063011001000073035001000083040000900093082001600102100001600118245005500134260004200189300003000231650003900261650002300300650002000323CHAP20220329135648.0971013s1991 r 00010 d a40130 a41102 a45228 cCHAP a581.634bJ300aJain, S. K. aDictionary of indian folk medicine and ethnobotany aNew Delhi :bDeep Publications,c1991 a311 p.b: ilus. ; láms.14aBotánica médicaxDiccionarios.14aBotánicaxIndia.14aEtnobotánica.